Normal view
MARC view
- Mlecular Development Biology
Entry Uniform Title
001 - CONTROL NUMBER
- control field: 14144
003 - CONTROL NUMBER IDENTIFIER
- control field: NUST
005 - DATE AND TIME OF LATEST TRANSACTION
- control field: 20190424054620.0
008 - FIXED-LENGTH DATA ELEMENTS
- fixed length control field: 190424|| aca||aabn | a|a d
040 ## - CATALOGING SOURCE
- Original cataloging agency: NUST
- Transcribing agency: NUST
130 ## - HEADING--UNIFORM TITLE
- Uniform title: Mlecular Development Biology
670 ## - SOURCE DATA FOUND
- Source citation: Work cat.: (NUST)16466: T. Subramoniam 14143, Molecular Development Biology
